Online
Catalog

Historia de Gil Blas de Santillana / (Record no. 4676)

MARC details
000 -CABECERA
campo de control de longitud fija 00734cam a2200229 a 4500
001 - NÚMERO DE CONTROL
campo de control 000004870
005 - FECHA Y HORA DE LA ÚLTIMA TRANSACCIÓN
campo de control 20200929151525.0
008 - DATOS DE LONGITUD FIJA--INFORMACIÓN GENERAL
campo de control de longitud fija 780328s1953 sp 001 0 spa
040 ## - FUENTE DE LA CATALOGACIÓN
Centro catalogador/agencia de origen DO-SdBNP
Lengua de catalogación spa
Centro/agencia transcriptor BNPHU
041 17 - CÓDIGO DE LENGUA
Código de lengua del texto/banda sonora o título independiente spa
Código de lengua original fre
082 ## - NÚMERO DE LA CLASIFICACIÓN DECIMAL DEWEY
Número de clasificación 843.5
Número de documento/Ítem L433h, 1953
100 1# - ENTRADA PRINCIPAL--NOMBRE DE PERSONA
Nombre de persona Le Sage, Alain Rene,
Fechas asociadas al nombre 1668-1747
9 (RLIN) 13347
245 10 - MENCIÓN DE TÍTULO
Título Historia de Gil Blas de Santillana /
Mención de responsabilidad, etc. Alain Rene Le Sage ; traductor, P. José F. de la Isla.
250 ## - MENCIÓN DE EDICIÓN
Mención de edición 3a ed.
260 ## - PUBLICACIÓN, DISTRIBUCIÓN, ETC.
Lugar de publicación, distribución, etc. Barcelona :
Nombre del editor, distribuidor, etc. Iberia,
Fecha de publicación, distribución, etc. 1953.
300 ## - DESCRIPCIÓN FÍSICA
Extensión 709 p. ;
Dimensiones 19 cm.
490 1# - MENCIÓN DE SERIE
Mención de serie Obras maestras
650 #4 - PUNTO DE ACCESO ADICIONAL DE MATERIA--TÉRMINO DE MATERIA
Término de materia o nombre geográfico como elemento de entrada Novela francesa
9 (RLIN) 1075
650 #4 - PUNTO DE ACCESO ADICIONAL DE MATERIA--TÉRMINO DE MATERIA
Término de materia o nombre geográfico como elemento de entrada Literatura francesa
9 (RLIN) 1074
700 1# - PUNTO DE ACCESO ADICIONAL--NOMBRE DE PERSONA
Nombre de persona Isla, José Francisco de,
Fechas asociadas al nombre 1703-1781,
Término indicativo de función/relación tr.
9 (RLIN) 14104
830 #0 - PUNTO DE ACCESO ADICIONAL DE SERIE-TÍTULO UNIFORME
Título uniforme Obras maestras
9 (RLIN) 14105
Holdings
Estado de retiro Estado de pérdida Restricciones de uso No para préstamo Localización permanente Ubicación/localización actual Ubicación en estantería Fecha de adquisición Número de inventario Total de préstamos Signatura topográfica completa Código de barras Fecha visto por última vez Precio válido a partir de Tipo de ítem Koha
        General General Depósito 27.07.2009 LF1   843.5 L433h, 1953 4870-10 25.06.2020 25.06.2020 Préstamo en sala

Powered by Koha